00565nam a22001337a 4500008004100000082002800041245016600069260003700235300001000272710002400282942001200306999001500318952009800333230612b xxu||||| |||| 00| 0 eng d a100001570b352.4908 KEN aThe Appropriation Accounts and Other Public Accounts Details Excluding Accounts of the Funds of the Republic of Kenya for the Year2005/2006cGovernment of Kenya  aKenyabGovernment of Kenyac2006 a537 p bGovernment of Kenya 2ddccBK c1082d1082 00102ddc4070a001b001d2023-06-12l0o352.4908 KENp100001570r2023-06-12w2023-06-12yBK